[Event "Druzynowe Mistrzostwa Polski Juniorow 2018 - II Liga"]
[Site "Szczyrk"]
[Date "1899-12-30"]
[Round "9.74"]
[White "Nowak, Patrycja"]
[Black "Guzik, Natalia"]
[Result "0-1"]
[WhiteTitle "II"]
[BlackTitle "I++"]
[WhiteElo "1160"]
[BlackElo "1668"]

1. e4 c5 2. Nf3 Nc6 3. d4 cxd4 4. Nxd4 g6 5. c4 d6 6. Be2 Nf6 7. Nc3 Nxd4 8. Qxd4
Bg7 9. Be3 O-O 10. Qd2 a5 11. O-O a4 12. Rac1 Be6 13. h3 Qa5 14. f3 Rfc8 15. b3
axb3 16. axb3 Nd7 17. Nd5 Qxd2 18. Bxd2 Bxd5 19. cxd5 Nc5 20. Bc4 Ra2 21. Bc3
b5 22. b4 bxc4 23. bxc5 Bxc3 24. Rxc3 Rxc5 25. Rf2 Rxf2 26. Kxf2 e6 27. dxe6 fxe6
28. f4 d5 29. exd5 exd5 30. Ke3 Rb5 31. Rc1 Kf7 32. Kd4 Ke6 33. g4 Rb3 34. Re1+
Kd6 35. Re3 Rxe3 36. Kxe3 c3 37. Kd3 d4 38. Kc2 Ke6 39. h4 h5 0-1

[Event "Druzynowe Mistrzostwa Polski Juniorow 2018 - II Liga"]
[Site "Szczyrk"]
[Date "1899-12-30"]
[Round "9.75"]
[White "Wojtasik, Szymon"]
[Black "Franc, Piotr"]
[Result "0-1"]
[WhiteTitle "II"]
[BlackTitle "II"]
[WhiteElo "1343"]
[BlackElo "1196"]

1. e4 e6 2. d4 d5 3. Bd3 Nf6 4. e5 Nfd7 5. Nf3 c5 6. c3 Nc6 7. O-O cxd4 8. cxd4
f6 9. Ng5 Ne7 10. Nxh7 Qb6 11. Qh5+ Kd8 12. Qf7 Qxd4 13. exf6 gxf6 14. Bb5 Qh4
15. Bxd7 Bxd7 16. Qxf8+ Rxf8 17. Nxf8 Bc8 18. Re1 e5 19. f4 Qxe1# 0-1

[Event "Druzynowe Mistrzostwa Polski Juniorow 2018 - II Liga"]
[Site "Szczyrk"]
[Date "1899-12-30"]
[Round "9.76"]
[White "Dopierala, Adam"]
[Black "Chrobot, Tomasz"]
[Result "1/2-1/2"]
[WhiteTitle "II"]
[BlackTitle "IV"]
[WhiteElo "1164"]
[BlackElo "1033"]

1. e4 e5 2. Nf3 Nc6 3. Bc4 Nf6 4. d3 Bc5 5. c3 d6 6. b4 Bb6 7. Nbd2 a6 8. a4 O-O
9. O-O Ne7 10. h3 h6 11. Re1 Ng6 12. Nf1 Re8 13. Ng3 Be6 14. Qb3 d5 15. exd5 Bxd5
16. Ne4 Bxc4 17. Qxc4 Nxe4 18. Qxe4 c6 19. Be3 Bxe3 20. fxe3 Qc7 21. Nh4 Nxh4
22. Qxh4 Re7 23. d4 Rae8 24. Qg3 exd4 25. Qxc7 Rxc7 26. exd4 Rce7 27. Kf2 f5 28.
Rxe7 Rxe7 29. Re1 Rxe1 30. Kxe1 Kf7 31. Ke2 Ke6 32. Kd3 g5 33. g3 h5 34. c4 h4
35. gxh4 gxh4 36. Ke3 Kf6 1/2-1/2

[Event "Druzynowe Mistrzostwa Polski Juniorow 2018 - II Liga"]
[Site "Szczyrk"]
[Date "1899-12-30"]
[Round "9.77"]
[White "Matyjasek, Michalina"]
[Black "Roszkiewicz, Anna"]
[Result "0-1"]
[WhiteTitle "I"]
[BlackTitle "I++"]
[WhiteElo "1357"]
[BlackElo "1666"]

1. d4 Nf6 2. c4 e6 3. Nf3 Bb4+ 4. Nbd2 O-O 5. a3 Be7 6. e3 d5 7. Bd3 b6 8. O-O
Bb7 9. b3 Nbd7 10. Qe2 c5 11. Bb2 Rc8 12. Rfd1 cxd4 13. Bxd4 Bc5 14. Bb2 Qe7 15.
Ne5 Nxe5 16. Bxe5 Rfd8 17. Bb2 a5 18. Nf3 dxc4 19. Bxc4 Rxd1+ 20. Qxd1 Rd8 21.
Qe2 Ne4 22. Rd1 Nd6 23. Bd3 Bd5 24. Bc2 Rc8 25. Nd4 Qg5 26. f4 Qh4 27. Bb1 Ne4
28. Rc1 Rd8 29. Bc2 Qe7 30. a4 Ba3 31. Rb1 Bxb2 32. Rxb2 Qh4 33. Bd1 Nc3 34. Qd2
Ne4 35. Qe2 Rc8 36. Rc2 Rxc2 37. Qxc2 Qe1# 0-1

[Event "Druzynowe Mistrzostwa Polski Juniorow 2018 - II Liga"]
[Site "Szczyrk"]
[Date "1899-12-30"]
[Round "9.78"]
[White "Roszkiewicz, Zofia"]
[Black "Zajac, Aleksandra"]
[Result "1-0"]
[WhiteTitle "I"]
[BlackTitle "III"]
[WhiteElo "1265"]
[BlackElo "1000"]

1. e4 e5 2. Nf3 Nc6 3. Nc3 Nf6 4. Bb5 Bb4 5. Bxc6 bxc6 6. Nxe5 O-O 7. d3 Bxc3+
8. bxc3 Re8 9. f4 Bb7 10. O-O d5 11. exd5 Nxd5 12. c4 Nb6 13. Bd2 Nd7 14. Rb1
Rb8 15. Ng4 Nf6 16. Bc3 Nxg4 17. Qxg4 f6 18. Qh5 Qd7 19. Rf3 Qf7 20. Qh4 c5 21.
Rh3 Qg6 22. Rg3 Qh6 23. Qxf6 Qxf6 24. Bxf6 g6 1-0

[Event "Druzynowe Mistrzostwa Polski Juniorow 2018 - II Liga"]
[Site "Szczyrk"]
[Date "1899-12-30"]
[Round "9.79"]
[White "Niemier, Hubert"]
[Black "Mazurek, Bartosz"]
[Result "1-0"]
[WhiteTitle "I"]
[BlackTitle "I"]
[WhiteElo "1748"]
[BlackElo "1733"]

1. d4 d5 2. c4 e6 3. Nc3 Nf6 4. Bg5 Be7 5. e3 O-O 6. Bd3 dxc4 7. Bxc4 a6 8. Nf3
b5 9. Bb3 Bb7 10. O-O Nbd7 11. Qe2 c5 12. Rad1 Qc7 13. Rd2 Rfd8 14. Rc1 cxd4 15.
Rxd4 b4 16. Rc4 Qa5 17. Bxf6 Nxf6 18. Na4 Bd6 19. Rc5 Bxc5 20. Rxc5 Bxf3 21. gxf3
Qxc5 22. Nxc5 Rd6 23. Kg2 g6 24. Qc4 a5 25. Qf4 Ne8 26. Ne4 Rb6 27. Ba4 Kg7 28.
Qe5+ Kh6 29. Bxe8 Rxe8 30. Nf6 Reb8 31. Ng4# 1-0

[Event "Druzynowe Mistrzostwa Polski Juniorow 2018 - II Liga"]
[Site "Szczyrk"]
[Date "1899-12-30"]
[Round "9.80"]
[White "Strugarek, Lukasz"]
[Black "Tadych, Szymon"]
[Result "1/2-1/2"]
[WhiteTitle "II"]
[BlackTitle "II"]
[WhiteElo "1624"]
[BlackElo "1495"]

1. e4 e5 2. Nf3 Nf6 3. Nxe5 d6 4. Nf3 Nxe4 5. d4 d5 6. Bd3 Bd6 7. O-O O-O 8. Re1
Re8 9. Nc3 Nxc3 10. bxc3 Bg4 11. Be3 Nd7 12. h3 Bh5 13. Rb1 Rb8 14. c4 dxc4 15.
Bxc4 Qf6 16. Be2 h6 17. Nh2 Bxe2 18. Qxe2 Bf4 19. Qd3 Bxe3 20. fxe3 Rbd8 21. c3
b6 22. Ng4 Qd6 23. e4 Ne5 24. Nxe5 Qxe5 25. Rbd1 Qg5 26. e5 c5 27. Qf3 cxd4 28.
cxd4 f6 29. exf6 Qxf6 30. Qb3+ Qf7 31. Rxe8+ Rxe8 32. d5 Rd8 33. Qd3 Rd6 34. Rc1
Qd7 35. Qc4 Kh8 36. Rd1 Rg6 37. Qe4 Rd6 38. Kh1 a5 39. Rf1 Rf6 40. Rxf6 gxf6 41.
Qg6 Qg7 42. Qe8+ Qg8 43. Qe3 Qxd5 44. Qxh6+ Kg8 45. Qg6+ Kf8 46. Qxf6+ Ke8 47.
Qg6+ Kd7 48. Qc2 b5 49. h4 Qc4 50. Qd2+ Kc6 51. Qh6+ Kb7 52. Qh7+ Kb6 53. Qh6+
1/2-1/2

[Event "Druzynowe Mistrzostwa Polski Juniorow 2018 - II Liga"]
[Site "Szczyrk"]
[Date "1899-12-30"]
[Round "9.81"]
[White "Skrzypinski, Jan"]
[Black "Kebel, Bartosz"]
[Result "1/2-1/2"]
[WhiteTitle "II"]
[BlackTitle "II"]
[WhiteElo "1406"]
[BlackElo "1397"]

1. e4 c5 2. Nf3 Nc6 3. Bb5 d6 4. O-O a6 5. Bxc6+ bxc6 6. Re1 e5 7. c3 Nf6 8. d4
cxd4 9. cxd4 Qc7 10. Nc3 Be7 11. dxe5 dxe5 12. Bg5 O-O 13. Qc2 Be6 14. Rad1 Rac8
15. h3 h6 16. Bh4 Rfe8 17. Bg3 Nd7 18. Nd4 Bc4 19. b3 Qa5 20. Nf5 Be6 21. Nd6
Bxd6 22. Rxd6 Red8 23. Red1 Nf6 24. Rxd8+ Rxd8 25. Rxd8+ Qxd8 26. Bxe5 Nd7 27.
Bg3 Nc5 28. f3 Qg5 29. Ne2 Nd7 30. Qc1 Qa5 31. Qc2 Qg5 32. Qc1 Qb5 33. Qc2 Qg5
34. Qc1 1/2-1/2

[Event "Druzynowe Mistrzostwa Polski Juniorow 2018 - II Liga"]
[Site "Szczyrk"]
[Date "1899-12-30"]
[Round "9.82"]
[White "Sleczka, Krzysztof"]
[Black "Tadych, Olgierd"]
[Result "0-1"]
[WhiteTitle "II"]
[BlackTitle "II"]
[WhiteElo "1169"]
[BlackElo "1235"]

1. e4 e5 2. Nf3 Nf6 3. Nxe5 d6 4. Nf3 Nxe4 5. d3 Nf6 6. Nc3 Nc6 7. Bg5 Be7 8. Be2
O-O 9. Qd2 Re8 10. O-O-O Be6 11. h4 Qd7 12. h5 a5 13. h6 g6 14. Qf4 Qd8 15. d4
Nd5 16. Nxd5 Bxd5 17. c4 Bxf3 18. Bxe7 Nxe7 19. Bxf3 Rb8 20. Rhe1 Nf5 21. Be4
Qh4 22. Qxh4 Nxh4 23. Bxb7 Nf5 24. c5 Rxe1 25. Rxe1 Nxd4 26. cxd6 cxd6 27. Rd1
Ne2+ 28. Kd2 Rxb7 29. Kxe2 Rxb2+ 30. Rd2 Rxd2+ 31. Kxd2 Kf8 32. Kd3 Ke7 33. Kd4
Ke6 34. Ke4 f5+ 35. Kd4 g5 36. f3 d5 37. g3 f4 38. g4 Kd6 39. a4 Ke6 40. Kc3 Ke5
41. Kd3 d4 42. Kc4 d3 43. Kxd3 Kd5 44. Kc3 Kc5 45. Kd3 Kb4 46. Ke4 Kxa4 47. Kf5
Kb4 48. Kf6 a4 49. Kg7 a3 50. Kxh7 a2 51. Kg8 Qa1 52. h7 Qa8+ 53. Kg7 Qb7+ 54.
Kg8 Qxf3 55. Qh8 Qa8+ 0-1

[Event "Druzynowe Mistrzostwa Polski Juniorow 2018 - II Liga"]
[Site "Szczyrk"]
[Date "1899-12-30"]
[Round "9.83"]
[White "Niemier, Martyna"]
[Black "Skiba, Aleksandra"]
[Result "0-1"]
[WhiteTitle "II"]
[BlackTitle "I+"]
[WhiteElo "1144"]
[BlackElo "1659"]

1. d4 Nf6 2. c4 g6 3. Nf3 Bg7 4. Nc3 O-O 5. Bf4 d6 6. e3 Nbd7 7. Be2 c5 8. O-O
Nh5 9. Bg3 Nxg3 10. hxg3 Nf6 11. dxc5 dxc5 12. Qc2 a6 13. Rfd1 Qc7 14. Rd2 Bd7
15. a3 Bc6 16. Rad1 Rad8 17. Rd3 e6 18. Qd2 Rxd3 19. Qxd3 Rc8 20. Rd2 Kf8 21.
Ng5 Ke7 22. Nge4 Nxe4 23. Nxe4 Rd8 24. Qxd8+ Qxd8 25. Rxd8 Kxd8 26. Nc3 Bxc3 27.
bxc3 Kc7 28. Kf1 Kb6 29. f3 Ka5 30. Bd1 Ba4 31. Be2 Bb3 32. Ke1 Ka4 33. Kd2 Kxa3
34. e4 Kb2 35. g4 a5 36. f4 a4 37. f5 a3 38. fxe6 fxe6 39. g5 a2 40. e5 Qa1 41.
g4 Qc1+ 42. Kd3 Qxc3+ 43. Ke4 Bc2+ 44. Kf4 Qd2+ 45. Kf3 Be4+ 46. Kf2 Bd3 47. Kf1
Qxe2+ 48. Kg1 b5 49. cxb5 Be4 50. b6 Qg2# 0-1

[Event "Druzynowe Mistrzostwa Polski Juniorow 2018 - II Liga"]
[Site "Szczyrk"]
[Date "1899-12-30"]
[Round "9.84"]
[White "Kulczycka, Zofia"]
[Black "Gac-mytych, Sara"]
[Result "1-0"]
[WhiteTitle "II+"]
[BlackTitle "III"]
[WhiteElo "1181"]
[BlackElo "1000"]

1. d4 d5 2. c4 e6 3. Nc3 Nf6 4. Nf3 Nc6 5. e3 Bb4 6. a3 Bxc3+ 7. bxc3 O-O 8. cxd5
exd5 9. c4 Be6 10. Qc2 Qd7 11. Bd3 g6 12. O-O Rfe8 13. Rb1 Rab8 14. Re1 Ne4 15.
Nd2 Nxd2 16. Bxd2 a6 17. Rb2 dxc4 18. Bxc4 Bxc4 19. Qxc4 b5 20. Qc5 Qd6 21. Rc1
Rb6 22. Rbc2 Re6 23. d5 Re5 24. Qxd6 cxd6 25. dxc6 Rb8 26. c7 Rc8 27. Rc6 Rd5
28. Be1 f5 29. Rb6 Rc5 30. Rxc5 dxc5 31. Rb8 Rxb8 32. Qcxb8+ Kg7 33. Bc3+ Kh6
34. Qf8+ Kh5 35. Qf6 c4 36. g3 Kg4 37. Qd4+ Kf3 38. Kf1 h5 39. Qf4# 1-0

[Event "Druzynowe Mistrzostwa Polski Juniorow 2018 - II Liga"]
[Site "Szczyrk"]
[Date "1899-12-30"]
[Round "9.85"]
[White "Krupinski, Mikolaj"]
[Black "Grochol, Kamil"]
[Result "0-1"]
[WhiteTitle "II"]
[BlackTitle "I"]
[WhiteElo "1531"]
[BlackElo "1726"]

1. e4 Nf6 2. e5 Nd5 3. c4 Nb6 4. d4 d6 5. exd6 exd6 6. Nf3 Be7 7. Bd3 Bg4 8. Nc3
Nc6 9. Be3 Bf6 10. h3 Bxf3 11. Qxf3 O-O 12. O-O Re8 13. d5 Ne5 14. Qe2 Nxd3 15.
Qxd3 Nd7 16. b3 a6 17. Rac1 Nc5 18. Qc2 g6 19. Rfe1 Be5 20. Re2 f5 21. Rce1 Qf6
22. Bxc5 dxc5 23. Na4 b6 24. Kf1 Kf7 25. Qd2 Qd6 26. Qh6 Bg7 27. Qxh7 Rxe2 28.
Rxe2 Rh8 29. Re6 Rxh7 30. Rxd6 cxd6 31. Nxb6 Be5 32. a4 Ke7 33. Nc8+ Kd7 34. Na7
Rh8 35. Nc6 Rc8 36. Ke2 Rc7 37. Kd3 Rb7 38. Na5 Rb6 39. Kc2 g5 40. Kd3 Bd4 41.
f3 Ke7 42. g4 Kf6 43. Kd2 fxg4 44. hxg4 Ke5 45. Nc6+ Kf4 46. Ke2 Rxb3 47. a5 Rb2+
48. Kd1 Kxf3 49. Ne7 Kxg4 50. Kc1 Ra2 51. Nc6 Kf3 52. Kb1 Re2 53. Kc1 g4 54. Kd1
g3 55. Nxd4+ cxd4 56. c5 g2 57. cxd6 Qg1# 0-1

[Event "Druzynowe Mistrzostwa Polski Juniorow 2018 - II Liga"]
[Site "Szczyrk"]
[Date "1899-12-30"]
[Round "9.86"]
[White "Oles, Martin"]
[Black "Owoc, Jakub"]
[Result "1-0"]
[WhiteTitle "II+"]
[BlackTitle "II"]
[WhiteElo "1488"]
[BlackElo "1511"]

1. d4 Nf6 2. c4 c5 3. d5 b5 4. cxb5 a6 5. f3 axb5 6. e4 d6 7. Bxb5+ Bd7 8. Bxd7+
Nbxd7 9. Nc3 g6 10. Nge2 Bg7 11. O-O O-O 12. Be3 Qb6 13. Rb1 Rfb8 14. Kh1 Ne5
15. b4 Qc7 16. bxc5 dxc5 17. Nb5 Qa5 18. Nec3 Nfd7 19. Qe2 c4 20. Bd4 Nd3 21.
Bxg7 Kxg7 22. f4 Ra6 23. Qe3 f6 24. Qd4 Rc8 25. d6 exd6 26. Nxd6 Qc5 27. Nf5+
gxf5 28. Qxd7+ Kg6 29. Rb7 Nf2+ 30. Rxf2 Rh8 31. Qg7+ Kh5 32. Qxh8 Qxf2 33. Qxh7+
Kg4 34. Qxf5+ Kh4 35. Rh7# 1-0

[Event "Druzynowe Mistrzostwa Polski Juniorow 2018 - II Liga"]
[Site "Szczyrk"]
[Date "1899-12-30"]
[Round "9.87"]
[White "Wiszniewski, Szymon"]
[Black "Jendrowiak, Maciej"]
[Result "0-1"]
[WhiteTitle "II"]
[BlackTitle "II"]
[WhiteElo "1257"]
[BlackElo "1252"]

1. d4 Nf6 2. Nc3 d5 3. Bf4 Bf5 4. e3 e6 5. f3 Bd6 6. g4 Bxf4 7. exf4 Bg6 8. h4
h6 9. Bd3 Bxd3 10. Qxd3 Qd6 11. Qe3 Nbd7 12. O-O-O O-O-O 13. Nge2 Qa6 14. Ng3
Nb6 15. b3 Rd6 16. a4 Rc6 17. Kb2 Qa5 18. Ra1 Qb4 19. Qd3 Rxc3 20. Qxc3 Nc4+ 21.
Qxc4 dxc4 22. g5 hxg5 23. fxg5 Nd5 24. Ne4 cxb3 25. c3 Qb6 26. h5 Nf4 27. h6 gxh6
28. Rxh6 Rf8 29. Nc5 Qc6 30. Rf1 Qd5 31. Ne4 Nd3+ 32. Kb1 Qa5 33. Rd1 Qxa4 34.
Rd2 b2 0-1

[Event "Druzynowe Mistrzostwa Polski Juniorow 2018 - II Liga"]
[Site "Szczyrk"]
[Date "1899-12-30"]
[Round "9.88"]
[White "Rzepka, Marcin"]
[Black "Bar, Klaudia"]
[Result "1/2-1/2"]
[WhiteTitle "III"]
[BlackTitle "I"]
[WhiteElo "1193"]
[BlackElo "1478"]

1. e4 d5 2. exd5 Qxd5 3. Nc3 Qd6 4. d4 Nf6 5. Nf3 a6 6. Be2 Nc6 7. Be3 Bf5 8. O-O
e6 9. a3 Be7 10. Qd2 h6 11. h3 g5 12. Rfd1 Ne4 13. Nxe4 Bxe4 14. c4 f5 15. Qc3
Bf6 16. Nd2 Nxd4 17. Bxd4 Qxd4 18. Nxe4 Qxd1+ 19. Rxd1 Bxc3 20. Nxc3 Rd8 21. Rxd8+
Kxd8 22. Kf1 Kd7 23. Bf3 c6 24. Ke1 Rd8 25. Na4 e5 26. Nc5+ Kc8 27. Ne6 Rd3 28.
Nc5 Rd6 29. Be2 a5 30. g3 b6 31. Nb3 c5 32. Nd2 f4 33. a4 Kd8 34. Nb1 e4 35. g4
Re6 36. Nc3 e3 37. f3 Kd7 38. Nd5 Kc6 39. b3 h5 40. Kf1 hxg4 41. hxg4 Rh6 42.
Kg2 Rd6 43. Kf1 Kb7 44. Kg1 Kc6 45. Kf1 Kd7 46. Kg2 Ke6 47. Kf1 Ke5 48. Kg1 Kd4
49. Kf1 Rd8 50. Kg2 Rh8 51. Kg1 Rh4 1/2-1/2

[Event "Druzynowe Mistrzostwa Polski Juniorow 2018 - II Liga"]
[Site "Szczyrk"]
[Date "1899-12-30"]
[Round "9.89"]
[White "Pawlak, Emilia"]
[Black "Kucharska, Helena"]
[Result "1-0"]
[WhiteTitle "I"]
[BlackTitle "I"]
[WhiteElo "1415"]
[BlackElo "1322"]

1. e4 e6 2. d4 d5 3. Nc3 Nf6 4. Bg5 Be7 5. e5 Nfd7 6. h4 c5 7. Bxe7 Qxe7 8. Nb5
Qd8 9. Nd6+ Kf8 10. Qf3 f5 11. Qh5 g6 12. Qh6+ Kg8 13. Nf3 cxd4 14. h5 Nxe5 15.
hxg6 Qxd6 16. gxh7+ Kf7 17. Ng5+ Ke8 18. Qg7 Qb4+ 19. Kd1 Qf8 20. Qxe5 Nc6 21.
Bb5 Ke7 22. Bxc6 bxc6 23. Qxd4 Qf6 24. Qxf6+ Kxf6 25. f4 1-0

[Event "Druzynowe Mistrzostwa Polski Juniorow 2018 - II Liga"]
[Site "Szczyrk"]
[Date "1899-12-30"]
[Round "9.90"]
[White "Cieslak, Jessica"]
[Black "Szopa, Emilia"]
[Result "0-1"]
[WhiteTitle "I"]
[BlackTitle "I"]
[WhiteElo "1247"]
[BlackElo "1422"]

1. d4 c5 2. d5 Nf6 3. Nf3 d6 4. Nc3 g6 5. e4 Bg7 6. h3 O-O 7. Be3 Qb6 8. Rb1 a6
9. Qd2 Qa5 10. Bh6 Nbd7 11. Bxg7 Kxg7 12. a4 Rb8 13. Bd3 b5 14. axb5 axb5 15.
b3 Ba6 16. O-O Qc7 17. Ra1 Rb6 18. Ra5 c4 19. bxc4 bxc4 20. Be2 Nc5 21. Qd4 Rb2
22. Rfa1 e5 23. dxe6 Nxe6 24. Qd2 Bb7 25. Nd5 Bxd5 26. exd5 c3 27. Qc1 Nc5 28.
Qd1 Qb6 29. Ne1 Rc8 30. Kf1 Nce4 31. Nd3 Nd2+ 32. Kg1 Rb5 33. Ra6 Qd8 34. Nf4
Rb4 35. Nd3 Rd4 36. Bf3 Nxd5 37. Bxd5 Rxd5 38. Ra7 Qb6 39. R7a6 Qd4 40. R6a4 Rc4
41. Ra7 Rb5 42. R7a3 Rc8 43. Ra4 Qf6 44. Rf4 Qd8 45. Ra7 Rc7 46. Ra1 Rcb7 47.
Kh2 Qc7 48. Raa4 d5 49. Qg4 Nf1+ 50. Kg1 Rb1 0-1

[Event "Druzynowe Mistrzostwa Polski Juniorow 2018 - II Liga"]
[Site "Szczyrk"]
[Date "1899-12-30"]
[Round "9.91"]
[White "Krzywnicka, Maria"]
[Black "Rzasa, Michal"]
[Result "1-0"]
[WhiteTitle "I++"]
[BlackTitle "III"]
[WhiteElo "1845"]
[BlackElo "1000"]

1. e4 d5 2. exd5 Nf6 3. d4 Nxd5 4. c4 Nb6 5. Nc3 c6 6. h3 Bf5 7. Nf3 e6 8. Be3
Bb4 9. Rc1 N8d7 10. a3 Bxc3+ 11. Rxc3 Nf6 12. Be2 h6 13. Nd2 Qc7 14. O-O O-O 15.
Bd3 Bxd3 16. Rxd3 Rad8 17. Qc2 Rfe8 18. Nf3 Qc8 19. Rd2 Nbd7 20. Rfd1 b5 21. Rc1
a6 22. Ne5 Qb8 23. Nxc6 Qb7 24. Nxd8 Rxd8 25. cxb5 axb5 26. Qc6 Qxc6 27. Rxc6
Rb8 28. Rdc2 Kh7 29. Rc8 Rxc8 30. Rxc8 Nb6 31. Rc5 b4 32. axb4 Nfd5 33. Bd2 Kg6
34. f3 Kf5 35. Kf2 f6 36. b5 e5 37. Ba5 Kg6 38. dxe5 1-0

[Event "Druzynowe Mistrzostwa Polski Juniorow 2018 - II Liga"]
[Site "Szczyrk"]
[Date "1899-12-30"]
[Round "9.92"]
[White "Grubiak, Karol"]
[Black "Gozdzicki, Maciej"]
[Result "0-1"]
[WhiteTitle "IV"]
[BlackTitle "II+"]
[WhiteElo "1000"]
[BlackElo "1699"]

1. e4 c5 2. Nf3 e6 3. d4 cxd4 4. Nxd4 a6 5. Nc3 Qc7 6. Bd2 b5 7. Qf3 Bb7 8. Nce2
Nf6 9. Ng3 Bc5 10. c3 d5 11. Bd3 Bd6 12. h3 Bxg3 13. Qxg3 Qxg3 14. fxg3 Nxe4 15.
Bxe4 dxe4 16. O-O-O Nd7 17. Be3 Ne5 18. Ne2 O-O 19. Nf4 Rfd8 20. Bd4 Nc6 21. Be3
Kf8 22. Bc5+ Kg8 23. g4 Rxd1+ 24. Rxd1 Rd8 25. Re1 Ne5 26. Bd4 Ng6 27. Nh5 e5
28. Be3 Rd3 29. Bc5 Nf4 30. Nxf4 exf4 31. h4 h6 32. Rd1 Rxd1+ 33. Kxd1 f6 34.
Bd6 g5 35. hxg5 hxg5 36. Ke2 Kf7 37. Kf2 Ke6 38. Bc7 f5 39. gxf5+ Kxf5 40. g3
e3+ 41. Ke2 Ke4 42. gxf4 gxf4 43. Bb6 f3+ 44. Kf1 Bc8 45. Kg1 f2+ 0-1

[Event "Druzynowe Mistrzostwa Polski Juniorow 2018 - II Liga"]
[Site "Szczyrk"]
[Date "1899-12-30"]
[Round "9.93"]
[White "Majdanski, Maksymilian"]
[Black "Bochenek, Ryszard"]
[Result "1-0"]
[WhiteTitle "I"]
[BlackTitle "II"]
[WhiteElo "1751"]
[BlackElo "1296"]

1. d4 Nf6 2. c4 g6 3. Nc3 Bg7 4. e4 d6 5. f3 O-O 6. Be3 Nbd7 7. Qd2 Re8 8. Bh6
Bh8 9. h4 c5 10. d5 Ne5 11. g4 Nfxg4 12. fxg4 Nxg4 13. Be3 Nxe3 14. Qxe3 Bd4 15.
Qd3 a6 16. Nf3 Bg7 17. h5 Rf8 18. hxg6 fxg6 19. Bh3 Bxh3 20. Rxh3 Qd7 21. Rg3
e6 22. dxe6 Qxe6 23. Ng5 Qf6 24. Qd5+ Kh8 25. Rf3 Qe7 26. Nf7+ Rxf7 27. Rxf7 Qh4+
28. Ke2 Qh2+ 29. Rf2 Qg3 30. Qd3 Qg4+ 31. Qf3 Qe6 32. Raf1 Qxc4+ 33. Qd3 Qe6 34.
Rf7 Qg4+ 35. Qf3 Qxf3+ 36. R1xf3 Re8 37. Rxb7 1-0

[Event "Druzynowe Mistrzostwa Polski Juniorow 2018 - II Liga"]
[Site "Szczyrk"]
[Date "1899-12-30"]
[Round "9.94"]
[White "Rzasa, Mateusz"]
[Black "Kaminski, Jakub"]
[Result "1-0"]
[WhiteTitle "II"]
[BlackTitle "II"]
[WhiteElo "1092"]
[BlackElo "1114"]

1. e4 e5 2. Nf3 Nc6 3. Bc4 Bc5 4. d3 d6 5. h3 Nf6 6. Bg5 O-O 7. Nc3 Be6 8. Nd5
Bxd5 9. Bxd5 Qe7 10. Qd2 Nd8 11. Nh4 c6 12. Nf5 Qc7 13. Bxf6 gxf6 14. Qh6 Ne6
15. Qxf6 Qd7 16. Nh6# 1-0

[Event "Druzynowe Mistrzostwa Polski Juniorow 2018 - II Liga"]
[Site "Szczyrk"]
[Date "1899-12-30"]
[Round "9.95"]
[White "Partyka, Justyna"]
[Black "Trusz, Julia"]
[Result "1/2-1/2"]
[WhiteTitle "II"]
[BlackTitle "I+"]
[WhiteElo "1141"]
[BlackElo "1699"]

1. d4 d5 2. c4 c6 3. Nf3 Nf6 4. Nc3 e6 5. Bg5 Be7 6. e3 O-O 7. Bd3 dxc4 8. Bxc4
Nbd7 9. O-O Nd5 10. Bxe7 Qxe7 11. e4 N5b6 12. Bb3 e5 13. Qe2 exd4 14. Nxd4 Nc5
15. Bc2 Rd8 16. Rad1 Be6 17. Rfe1 Qg5 18. Nf3 Qh6 19. Rxd8+ Rxd8 20. Rd1 Qf6 21.
Qe3 Rxd1+ 22. Bxd1 Qe7 23. b3 Ncd7 24. Nd4 Qc5 25. Nc2 Qxe3 26. Nxe3 f6 27. Bg4
Bxg4 28. Nxg4 Kf7 29. f3 Nc5 30. Nf2 Ke6 31. Kf1 Kd6 32. Ke2 Nbd7 33. Kd2 Nf8
34. Ke2 Nfe6 35. Ke3 b6 36. Ne2 a6 37. Nd4 Nxd4 38. Kxd4 Ne6+ 39. Kc3 c5 40. Nd3
b5 41. a3 Kc6 42. Kb2 a5 43. Kc3 Nc7 44. Nf4 b4+ 45. axb4 axb4+ 46. Kc4 Ne8 47.
Ne6 Nd6+ 48. Kd3 Ne8 49. Kc4 Nd6+ 50. Kd3 Ne8 51. Kc4 Nd6+ 52. Kd3 Ne8 53. Kc4
1/2-1/2

[Event "Druzynowe Mistrzostwa Polski Juniorow 2018 - II Liga"]
[Site "Szczyrk"]
[Date "1899-12-30"]
[Round "9.96"]
[White "Pietrzak, Emilia"]
[Black "Gorska, Marcelina"]
[Result "1-0"]
[WhiteTitle "II"]
[BlackTitle "IV"]
[WhiteElo "1210"]
[BlackElo "1000"]

1. e4 e5 2. d4 exd4 3. c3 c6 4. cxd4 d5 5. Nc3 Be7 6. Nf3 dxe4 7. Nxe4 Nd7 8. Bc4
Ngf6 9. Nc3 O-O 10. O-O b5 11. Bb3 a5 12. Re1 Nb6 13. Bg5 a4 14. Bc2 Nbd7 15.
d5 Bb4 16. dxc6 Bxc3 17. bxc3 Nb6 18. Bxf6 Qxf6 19. Nd4 Qg5 20. Qd3 Qh6 21. Qxb5
Ra6 22. Bf5 Ra8 23. Qxb6 Bxf5 24. Nxf5 Qf6 25. Nd4 Rfc8 26. Rab1 Qd6 27. Qb5 1-0

[Event "Druzynowe Mistrzostwa Polski Juniorow 2018 - II Liga"]
[Site "Szczyrk"]
[Date "1899-12-30"]
[Round "9.97"]
[White "Marczak, Szymon"]
[Black "Gazda, Dominik"]
[Result "1-0"]
[WhiteTitle "I+"]
[BlackTitle "I"]
[WhiteElo "1954"]
[BlackElo "1567"]

1. e4 c5 2. Nf3 d6 3. Bb5+ Bd7 4. Bxd7+ Qxd7 5. c4 g6 6. d4 Bg7 7. Nc3 cxd4 8.
Nxd4 Nc6 9. Be3 Nf6 10. f3 O-O 11. O-O Rac8 12. b3 e6 13. Qd2 Rfd8 14. Rad1 d5
15. Nxc6 bxc6 16. e5 Ne8 17. Bg5 Bxe5 18. Bxd8 Qxd8 19. Na4 Qh4 20. f4 Bg7 21.
Qf2 Qxf2+ 22. Rxf2 Nf6 23. Rc2 Ng4 24. cxd5 exd5 25. Re2 d4 26. Nc5 Ne3 27. Rc1
Nd5 28. Rce1 Ne3 29. Kf2 Bf8 30. Rc1 Nd5 31. Nd3 Nc3 32. Rec2 Kg7 33. Kf3 a5 34.
Ne5 f6 35. Nc4 a4 36. Nb6 axb3 37. Nxc8 bxc2 38. Rxc2 Bc5 39. Rb2 Kf7 40. Nb6
Ke6 41. a4 Kd6 42. a5 Nb5 43. Ke4 Kc7 44. Nc4 Kb7 45. g4 Ka6 46. f5 Nc3+ 47. Kd3
gxf5 48. gxf5 Nd5 49. Rb8 Ba7 50. Rh8 Kb5 51. Nd6+ Kxa5 52. Rxh7 Bb8 53. Nc4+
Ka6 54. Kxd4 Ba7+ 55. Kd3 Bf2 56. h4 Kb5 57. Nd6+ 1-0

[Event "Druzynowe Mistrzostwa Polski Juniorow 2018 - II Liga"]
[Site "Szczyrk"]
[Date "1899-12-30"]
[Round "9.98"]
[White "Jaszczuk, Mateusz"]
[Black "Franek, Krzysztof"]
[Result "0-1"]
[WhiteTitle "II+"]
[BlackTitle "III"]
[WhiteElo "1393"]
[BlackElo "1156"]

1. d4 d5 2. c4 e6 3. Nc3 Nf6 4. Nf3 Nc6 5. Bg5 Be7 6. e3 h6 7. Bh4 O-O 8. Be2 Re8
9. O-O dxc4 10. Bxc4 Nd5 11. Bxe7 Ncxe7 12. e4 Nb6 13. Bb3 Bd7 14. Re1 Nc6 15.
h3 e5 16. dxe5 Nxe5 17. Nxe5 Rxe5 18. Qd4 Re7 19. Rad1 Qe8 20. f4 Bc6 21. e5 Kh8
22. f5 Nd7 23. e6 fxe6 24. fxe6 Nf8 25. Qe5 Qg6 26. Rd2 Rae8 27. Rde2 a6 28. Qh2
Nxe6 29. Nd5 Nd4 30. Nxe7 Nxe2+ 31. Rxe2 Qb1+ 32. Kf2 Rf8+ 33. Kg3 Qd3+ 34. Kh4
g5+ 35. Kh5 Qxe2+ 36. Kxh6 Qxe7 0-1

[Event "Druzynowe Mistrzostwa Polski Juniorow 2018 - II Liga"]
[Site "Szczyrk"]
[Date "1899-12-30"]
[Round "9.99"]
[White "Gabzdyl, Mateusz"]
[Black "Kucza, Kamil"]
[Result "1-0"]
[WhiteTitle "III"]
[BlackTitle "II"]
[WhiteElo "1083"]
[BlackElo "1000"]

1. e4 e5 2. Nc3 Nf6 3. f4 exf4 4. Nf3 d6 5. d4 Nc6 6. Bxf4 d5 7. exd5 Nxd5 8. Nxd5
Qxd5 9. Bxc7 Bd6 10. Bxd6 Qxd6 11. Qd2 O-O 12. Be2 Qb4 13. c3 Qe7 14. O-O Re8
15. Rfe1 Qe3+ 16. Qxe3 Rxe3 17. Kf2 Re8 18. Bc4 Bg4 19. Ng5 Bh5 20. h3 h6 21.
Nf3 a6 22. Bd5 Kf8 23. Bxc6 bxc6 24. g4 Bg6 25. Ne5 Rec8 26. Nxg6+ fxg6 27. Re6
Kf7 28. Rae1 Rc7 29. Rd6 Rb8 30. b3 Rbc8 31. c4 g5 32. Ree6 a5 33. Re5 Ra7 34.
Rc5 Ra6 35. d5 cxd5 36. Rdxd5 Rxc5 37. Rxc5 a4 38. Rf5+ Ke6 39. b4 Rd6 40. Ke3
Rb6 41. a3 Rc6 42. Kd4 Rd6+ 43. Rd5 Rxd5+ 44. cxd5+ 1-0

[Event "Druzynowe Mistrzostwa Polski Juniorow 2018 - II Liga"]
[Site "Szczyrk"]
[Date "1899-12-30"]
[Round "9.100"]
[White "Guzik, Michal"]
[Black "Grzybek, Mikolaj"]
[Result "0-1"]
[WhiteTitle "II"]
[BlackTitle "II"]
[WhiteElo "1188"]
[BlackElo "1375"]

1. e4 c5 2. Nf3 d6 3. d4 cxd4 4. Nxd4 Nf6 5. Nc3 g6 6. Be3 Bg7 7. f3 O-O 8. Qd2
Nc6 9. O-O-O Nxd4 10. Bxd4 Be6 11. g4 Qa5 12. Kb1 Rfc8 13. b3 Nxg4 14. Bxg7 Kxg7
15. fxg4 Qxc3 16. Qxc3+ Rxc3 17. h3 a5 18. Kb2 Rc5 19. Bd3 a4 20. Rdg1 d5 21.
h4 dxe4 22. Bxe4 Bd5 23. Re1 e6 24. Rhf1 a3+ 25. Kb1 Bxe4 26. Rxe4 Rd5 27. Ref4
Rd7 28. Kc1 f5 29. Re1 Kf6 30. g5+ Kf7 31. Ree4 Rad8 32. Rf1 Rd4 33. Rxd4 Rxd4
34. Rh1 Rg4 35. Kd2 e5 36. Ke3 Rg2 37. Kd3 Ke6 38. b4 b5 39. Kc3 Rg3+ 40. Kd2
e4 41. Rh2 Kd5 42. Ke2 Kc4 43. Rh1 Kxb4 44. Kd2 Kc4 45. Kc1 Kc3 46. Kd1 f4 47.
Re1 e3 0-1